| 000 | 00662nam a22001937a 4500 | ||
|---|---|---|---|
| 005 | 20100807143859.0 | ||
| 010 | _aENG-98864 | ||
| 020 |
_a9789380433134 _c100.00 |
||
| 035 | _aEN-82396 | ||
| 037 | _bDBAD/PUB | ||
| 082 | _a660 | ||
| 100 |
_aSureshkumar,V _98926 |
||
| 245 |
_aEngineering Chemistry / _cby V Sureshkumar |
||
| 260 |
_aThanjavur _bNalankilli Pathippagam _c2009 |
||
| 270 |
_a1271, Sulthanjiappa Lane South Rampart _bThanjavur Tamil Nadu _e613001 |
||
| 300 |
_a138p _c20cm(pbk) |
||
| 942 |
_2ddc _cEN _h660 _mSUR |
||
| 999 |
_c40102 _d40102 |
||